000 00963nam a2200265 i 4500
001 bg
100 1 _aZALEWSKI, Kazimierz
245 1 0 _aĆwiczenia z fizjologii roślin z podstawami biochemii /
_cKazimierz Zalewski, Aleksander Łogin ; Akademia Rolniczo-Techniczna im. M. Oczapowskiego w Olsztynie.
250 _aWyd. 3 popr. i uzup.
260 _aOlsztyn :
_bWydaw. ART,
_c1997.
300 _a116, [4] s. :
_b1 rys. ;
_c23 cm.
504 _aBibliogr. s. [119].
521 _aDla studentów I i II r. Zawodowego Studium Zaocznego Wydz. Rolniczego oraz II r. na kierunku Rolnictwo.
650 9 _aRośliny
_xfizjologia
655 _aPodręczniki akademickie
700 1 _aŁOGIN, Aleksander
711 2 _aAkademia Rolniczo-Techniczna im. Michała Oczapowskiego (Olsztyn)
020 _a8387443212
040 _cBPK
041 0 _apl
080 _a581.1(075.8)
920 _a83-87443-21-2
942 _cKS
008 s pl f |000 0 pol
999 _c33738
_d33738
856 _uhttp://koha.tu.koszalin.pl/cgi-bin/koha/opac-detail.pl?biblionumber=33738
_yKatalog online BPK